01102nam a2200241Ia 450000100060000000300090000600800410001504000130005604000130006904100130008210000200009510000290011524500740014424500750021825000110029326000120030426000330031626000490034930000400039850003570043865000340079565000310082914079IT-RoPAU130308s9999 xx 000 0 und d aIT-RoPAU cIT-RoPAU aITALIANO aRoatta Giovanni gCodice Aut. SPICS: 1995 aSan Paolo e la Famiglia Paolina nel pensiero di Don Giacomo Alberione bSan Paolo e la Famiglia Paolina nel pensiero di Don Giacomo Alberione a1a ed. aARICCIA bCentro Spiritualita' Paolina c1973 [1° Ed.:1973 - Ed.Ling.Originale:1973] a"106 p. (prefazione: 8; testo: 98)" aSpirito Paolino scelta e Conoscenza dell'Apostolo Paolo San Paolo Oggi nella Famiglia Paolina Conoscerlo Imitarlo Pregarlo San Paolo e Lo Spirito Paolino Appuntamenti paolini nell'epistolario di Don Alberione Galati 2,20 Punto Chiave per Conoscere San Paolo Familiarità con l'epistolario Paolino Personalità dell'Apostolo Paolo San Paolo e la Donna aAUTORI/OPERE FAMIGLIA PAOLINA eCodice materia Spics: 9903